| 000 | 00740nam a22002177a 4500 | ||
|---|---|---|---|
| 999 |
_c7279 _d7279 |
||
| 003 | OSt | ||
| 005 | 20191125172700.0 | ||
| 008 | 191125e201904 spc |||| ||||l000 0 cat|d | ||
| 017 |
_aDL B 19264-2019 _bBiblioteca de Catalunya |
||
| 020 | _a9788418011023 | ||
| 040 |
_aES-BaUAB _bcat _cCDMR |
||
| 080 | _a910.4 | ||
| 100 | 1 |
_aAlcoverro, Tomás _d1940- _92950 |
|
| 245 | 1 | 3 |
_aUn Barceloní a Beirut _c/ Tomás Alcoverro ; traducció de Pablo Fernández Pérez |
| 260 |
_aBarcelona : _bDiëresis : _bAjuntament de Barcelona, _c2019 |
||
| 300 |
_a295 p. ; _c23 cm |
||
| 651 | 4 |
_aBeirut (Líban) _xDescripcions i viatges _yS. XXI |
|
| 651 | 7 |
_aLíban _xDescripcions i viatges _yS. XXI |
|
| 700 | 1 |
_aFernández Pérez, Pablo, _etraductor |
|
| 942 | _cMON | ||